LEADER 01455nam0 22003011i 450 001 UON00512391 005 20231205105505.643 010 $a978-31-10-29758-4 100 $a20230316d2014 |0itac50 ba 101 $aita 102 $aDE 105 $a|||| 1|||| 200 1 $aItaloamericano$eitaliano e inglese in contatto negli USA$eanalisi diacronica variazionale e migrazionale$fElton Prifti 210 $a Berlin$aBoston$cDe Gruyter$d2014 215 $aXXVI, 447 p.$cill.$d24 cm. 410 1$1001UON00391285$12001 $aBeihefte zur Zeitschrift für romanische Philologie$1210 $a Halle$cMax Niemeyer.$v375 606 $aIMMIGRATI ITALIANI$xStati Uniti$xLinguaggio$3UONC101103$2FI 620 $aDE$dBerlin$3UONL003157 676 $a457$cLingua italiana. Varianti storiche e geografiche, varianti non geografiche moderne$v21 700 1$aPRIFTI$bElton$3UONV289974$01516205 712 $aDe Gruyter$3UONV248587$4650 801 $aIT$bSOL$c20240220$gRICA 899 $aSIBA - SISTEMA BIBLIOTECARIO DI ATENEO$2UONSI 912 $aUON00512391 950 $aSIBA - SISTEMA BIBLIOTECARIO DI ATENEO$dSI LeItalie II PRI $eSI 41622 5 951 $aSIBA - SISTEMA BIBLIOTECARIO DI ATENEO$bSI2023252 1J 20230316Bolla di consegna n. 30 del 4.4.2023. 996 $aItaloamericano$93752529 997 $aUNIOR